[Event "NB II. Szechenyi csoport"]
[Site "Aszar"]
[Date "2024.03.03"]
[Round "5.7"]
[White "Kiss, Gergely"]
[Black "Farkas, Ferenc"]
[Result "1/2-1/2"]
[WhiteElo "1815"]
[BlackElo "1881"]
[PlyCount "27"]
[EventDate "2023.10.08"]
[EventType "team-tourn"]
[EventRounds "9"]
[EventCountry "HUN"]
[Source "chess.hu"]
[WhiteTeam "Tapolca Varosi SE II"]
[BlackTeam "Sakkbaratok Kisber-Aszar I."]
[WhiteTeamCountry "HUN"]
[BlackTeamCountry "HUN"]

1. d4 d5 2. Nf3 Nf6 3. Bg5 e6 4. e3 Be7 5. Bd3 O-O 6. Nbd2 Nbd7 7. O-O c5 8. c3
b6 9. Re1 Bb7 10. Qb1 h6 11. Bh4 Qc7 12. e4 dxe4 13. Nxe4 Rad8 14. a4 1/2-1/2

[Event "NB II. Szechenyi csoport"]
[Site "Aszar"]
[Date "2024.03.03"]
[Round "5.8"]
[White "Malomsoki, Laszlo"]
[Black "Molnar, Tibor"]
[Result "0-1"]
[WhiteElo "1794"]
[BlackElo "1699"]
[PlyCount "58"]
[EventDate "2023.10.08"]
[EventType "team-tourn"]
[EventRounds "9"]
[EventCountry "HUN"]
[Source "chess.hu"]
[WhiteTeam "Sakkbaratok Kisber-Aszar I."]
[BlackTeam "Tapolca Varosi SE II"]
[WhiteTeamCountry "HUN"]
[BlackTeamCountry "HUN"]

1. d4 d5 2. e3 e6 3. c4 Nf6 4. Nc3 c5 5. Nf3 Be7 6. Bd3 O-O 7. O-O Nc6 8. a3
dxc4 9. Bxc4 cxd4 10. exd4 Qb6 11. Na4 Qc7 12. Qe2 a6 13. Nc3 b5 14. Ba2 Bb7
15. Rd1 Rad8 16. Bg5 h6 17. Bh4 Rfe8 18. Rac1 Qb6 19. d5 exd5 20. Nxd5 Nxd5 21.
Qe4 Nf6 22. Qg6 Rxd1+ 23. Rxd1 Rf8 24. g4 Nd8 25. Ne5 Be4 26. Bxf6 Bxg6 27.
Bxe7 Re8 28. Rd6 Qc7 29. Nxg6 Rxe7 0-1

[Event "NB II. Szechenyi csoport"]
[Site "Aszar"]
[Date "2024.03.03"]
[Round "5.9"]
[White "Torok, Gergo"]
[Black "Feher, Lajos"]
[Result "0-1"]
[WhiteElo "1465"]
[BlackElo "1724"]
[PlyCount "94"]
[EventDate "2023.10.08"]
[EventType "team-tourn"]
[EventRounds "9"]
[EventCountry "HUN"]
[Source "chess.hu"]
[WhiteTeam "Tapolca Varosi SE II"]
[BlackTeam "Sakkbaratok Kisber-Aszar I."]
[WhiteTeamCountry "HUN"]
[BlackTeamCountry "HUN"]

1. d4 d5 2. Nf3 Nf6 3. Bf4 c5 4. c3 Nc6 5. e3 Nh5 6. Nbd2 Nxf4 7. exf4 cxd4 8.
Nxd4 Nxd4 9. cxd4 Qa5 10. Bd3 g6 11. O-O Bh6 12. g3 O-O 13. Re1 Re8 14. a4 a6
15. Rb1 Qb4 16. Qc2 Qxd4 17. Nf3 Qb6 18. b4 Bd7 19. Ne5 Bh3 20. Bf1 Rac8 21.
Qa2 Bxf1 22. Rxf1 Qd6 23. Rfd1 e6 24. Qb3 Rc7 25. b5 Bg7 26. Re1 Rec8 27. Kg2
Rc3 28. Qb4 Qxb4 29. Rxb4 a5 30. Rb2 Bxe5 31. fxe5 Ra3 32. h4 h5 33. Rbb1 Rxa4
34. Ra1 Rcc4 35. Rec1 Rxa1 36. Rxa1 a4 37. Kf3 Kf8 38. Ke3 Ke8 39. f4 Kd7 40.
Kf3 Kc7 41. g4 Kb6 42. Ra2 Kxb5 43. g5 Ka5 44. Ke3 b5 45. Rf2 b4 46. Kd3 b3 47.
Rf1 a3 0-1

[Event "NB II. Szechenyi csoport"]
[Site "Keszthely"]
[Date "2024.03.03"]
[Round "5.1"]
[White "Smideliusz, Mark"]
[Black "Pinterne, Kovacs Marta"]
[Result "1-0"]
[WhiteElo "2184"]
[BlackElo "2064"]
[PlyCount "97"]
[EventDate "2023.10.08"]
[EventType "team-tourn"]
[EventRounds "9"]
[EventCountry "HUN"]
[Source "chess.hu"]
[WhiteTeam "Sarvari Sakk Club SE"]
[BlackTeam "Spartacus Sportkor"]
[WhiteTeamCountry "HUN"]
[BlackTeamCountry "HUN"]

1. Nf3 d5 2. d4 e6 3. c4 c6 4. Qc2 f5 5. g3 Bd6 6. Bg2 Nf6 7. O-O O-O 8. b3 Qe7
9. Ne5 Bd7 10. Nd2 Be8 11. Bb2 Nbd7 12. Ndf3 Bh5 13. Rac1 Ng4 14. e3 Rae8 15.
Nxd7 Qxd7 16. h3 Nf6 17. Ne5 Qe7 18. f4 Ne4 19. Bxe4 fxe4 20. g4 Bxe5 21. dxe5
Bg6 22. Kg2 Rd8 23. c5 h6 24. Bd4 Rf7 25. Qf2 Rdf8 26. Qg3 Bh7 27. h4 g5 28.
hxg5 hxg5 29. Rf2 gxf4 30. Rxf4 Rg7 31. Rf6 Rg5 32. Qf4 Rg7 33. Kf2 Rb8 34. Ke2
Qe8 35. Rf1 Qe7 36. Rf2 Rg6 37. Rf7 Qe8 38. b4 Rg7 39. Rf6 b6 40. a3 b5 41. Rh2
Rbb7 42. Bc3 Rg6 43. Rf2 Rb8 44. Be1 Ra8 45. Rh2 Qe7 46. Rxg6+ Bxg6 47. Bh4 Qg7
48. Bf6 Rf8 49. Qg5 1-0

[Event "NB II. Szechenyi csoport"]
[Site "Keszthely"]
[Date "2024.03.03"]
[Round "5.2"]
[White "Rezsek, Gyozo"]
[Black "Odor, Istvan"]
[Result "1/2-1/2"]
[WhiteElo "1998"]
[BlackElo "2099"]
[PlyCount "33"]
[EventDate "2023.10.08"]
[EventType "team-tourn"]
[EventRounds "9"]
[EventCountry "HUN"]
[Source "chess.hu"]
[WhiteTeam "Spartacus Sportkor"]
[BlackTeam "Sarvari Sakk Club SE"]
[WhiteTeamCountry "HUN"]
[BlackTeamCountry "HUN"]

1. d4 d5 2. c4 e6 3. Nf3 Nf6 4. Nc3 Be7 5. Bf4 c6 6. e3 O-O 7. Bd3 dxc4 8. Bxc4
b5 9. Bd3 Nbd7 10. O-O Bb7 11. Ne5 b4 12. Ne4 Nxe5 13. Bxe5 Nxe4 14. Bxe4 Ba6
15. Re1 Bb5 16. Rc1 Rc8 17. Qf3 1/2-1/2

[Event "NB II. Szechenyi csoport"]
[Site "Keszthely"]
[Date "2024.03.03"]
[Round "5.3"]
[White "Balka, Richard"]
[Black "Rozsa, Peter"]
[Result "1/2-1/2"]
[WhiteElo "2082"]
[BlackElo "2050"]
[PlyCount "50"]
[EventDate "2023.10.08"]
[EventType "team-tourn"]
[EventRounds "9"]
[EventCountry "HUN"]
[Source "chess.hu"]
[WhiteTeam "Sarvari Sakk Club SE"]
[BlackTeam "Spartacus Sportkor"]
[WhiteTeamCountry "HUN"]
[BlackTeamCountry "HUN"]

1. e4 g6 2. d4 c6 3. Nc3 d5 4. h3 Bg7 5. Nf3 dxe4 6. Nxe4 Nd7 7. Bd3 Ngf6 8.
Nxf6+ Nxf6 9. O-O O-O 10. Re1 Bf5 11. Bxf5 gxf5 12. c3 e6 13. Bf4 Re8 14. Qe2
Qe7 15. Rad1 Rad8 16. Bg5 Qf8 17. Rd3 Rd5 18. Bf4 Rc8 19. Ne5 c5 20. dxc5 Rcxc5
21. Red1 Rxd3 22. Rxd3 Rd5 23. Re3 Ne4 24. Nf3 Qd8 25. g4 fxg4 1/2-1/2

[Event "NB II. Szechenyi csoport"]
[Site "Keszthely"]
[Date "2024.03.03"]
[Round "5.4"]
[White "Nemeth, Zsolt"]
[Black "Szep, Milan"]
[Result "1-0"]
[WhiteElo "1966"]
[BlackElo "1985"]
[PlyCount "97"]
[EventDate "2023.10.08"]
[EventType "team-tourn"]
[EventRounds "9"]
[EventCountry "HUN"]
[Source "chess.hu"]
[WhiteTeam "Spartacus Sportkor"]
[BlackTeam "Sarvari Sakk Club SE"]
[WhiteTeamCountry "HUN"]
[BlackTeamCountry "HUN"]

1. e4 e6 2. d4 d5 3. e5 c5 4. c3 cxd4 5. cxd4 Nc6 6. Nf3 Nge7 7. a3 g6 8. Bd3
Bg7 9. O-O O-O 10. Be3 f6 11. exf6 Bxf6 12. Nc3 Kh8 13. Ne2 a5 14. Bd2 Qb6 15.
b4 axb4 16. Qb3 Bd7 17. axb4 Rxa1 18. Rxa1 e5 19. dxe5 Nxe5 20. Nxe5 Bxe5 21.
Be3 Qf6 22. Rf1 d4 23. Bc1 Be6 24. Bc4 Bxc4 25. Qxc4 Rc8 26. Qd3 Qf5 27. Qd1
Qc2 28. Bf4 Bxf4 29. Qxd4+ Kg8 30. Nxf4 Qc4 31. Qf6 Qf7 32. Qxf7+ Kxf7 33. g3
b5 34. Rd1 Rc4 35. Rd7 Kf6 36. Rd6+ Kf7 37. Nd3 Nc6 38. Rxc6 Rxc6 39. Ne5+ Ke6
40. Nxc6 Kd5 41. Kf1 Kxc6 42. Ke2 Kd5 43. Kd3 Ke5 44. f4+ Kd5 45. g4 h6 46. h4
h5 47. g5 Kd6 48. Kd4 Ke6 49. Ke4 1-0

[Event "NB II. Szechenyi csoport"]
[Site "Keszthely"]
[Date "2024.03.03"]
[Round "5.5"]
[White "Zsiros, Gyorgy"]
[Black "Szakaly, Laszlo"]
[Result "1/2-1/2"]
[WhiteElo "1965"]
[BlackElo "1920"]
[PlyCount "21"]
[EventDate "2023.10.08"]
[EventType "team-tourn"]
[EventRounds "9"]
[EventCountry "HUN"]
[Source "chess.hu"]
[WhiteTeam "Sarvari Sakk Club SE"]
[BlackTeam "Spartacus Sportkor"]
[WhiteTeamCountry "HUN"]
[BlackTeamCountry "HUN"]

1. e4 e5 2. Nc3 Nf6 3. f4 d5 4. Qe2 Nc6 5. fxe5 Nd4 6. Qd1 Nxe4 7. Nxe4 dxe4 8.
c3 Nc6 9. Bb5 Bd7 10. Qe2 Nxe5 11. Qxe4 1/2-1/2

[Event "NB II. Szechenyi csoport"]
[Site "Keszthely"]
[Date "2024.03.03"]
[Round "5.8"]
[White "Suket, Mark"]
[Black "Piri, Tamas"]
[Result "1/2-1/2"]
[WhiteElo "1824"]
[BlackElo "1774"]
[PlyCount "54"]
[EventDate "2023.10.08"]
[EventType "team-tourn"]
[EventRounds "9"]
[EventCountry "HUN"]
[Source "chess.hu"]
[WhiteTeam "Spartacus Sportkor"]
[BlackTeam "Sarvari Sakk Club SE"]
[WhiteTeamCountry "HUN"]
[BlackTeamCountry "HUN"]

1. e4 e5 2. Nf3 Nc6 3. Bb5 Bc5 4. d3 d6 5. Be3 Bb6 6. h3 Nge7 7. O-O O-O 8. Nc3
Ng6 9. Nd5 Bxe3 10. fxe3 Nce7 11. Bc4 Nxd5 12. Bxd5 c6 13. Bb3 Qe7 14. Qe1 Be6
15. Qg3 Bxb3 16. axb3 h6 17. h4 Qe6 18. h5 Ne7 19. Nh4 d5 20. Nf5 Nxf5 21. exf5
Qf6 22. Ra4 a6 23. Rg4 Rfe8 24. Rf3 Kh8 25. Qf2 Rad8 26. Rfg3 Rg8 27. c3 c5
1/2-1/2

[Event "NB II. Szechenyi csoport"]
[Site "Keszthely"]
[Date "2024.03.03"]
[Round "5.9"]
[White "Talaber, Istvan"]
[Black "Gyorfi, Norbert"]
[Result "1-0"]
[WhiteElo "1809"]
[BlackElo "1796"]
[PlyCount "87"]
[EventDate "2023.10.08"]
[EventType "team-tourn"]
[EventRounds "9"]
[EventCountry "HUN"]
[Source "chess.hu"]
[WhiteTeam "Sarvari Sakk Club SE"]
[BlackTeam "Spartacus Sportkor"]
[WhiteTeamCountry "HUN"]
[BlackTeamCountry "HUN"]

1. e4 c6 2. d4 d5 3. e5 c5 4. c3 Nc6 5. Be3 Nh6 6. Bxh6 gxh6 7. Bb5 Qb6 8.
Bxc6+ bxc6 9. Qd2 Rb8 10. b3 Ba6 11. Qf4 cxd4 12. Qxd4 Qxd4 13. cxd4 Rg8 14. g3
Rb4 15. Nf3 c5 16. Nbd2 cxd4 17. a3 Rb6 18. Nxd4 e6 19. b4 Rg4 20. f4 h5 21.
Rc1 Kd7 22. Kf2 h4 23. N4f3 Be7 24. Rc3 Bb7 25. Rhc1 Rc6 26. Nd4 hxg3+ 27. hxg3
Rxc3 28. Rxc3 a6 29. N2f3 h5 30. f5 exf5 31. Nxf5 Rc4 32. Rd3 Rc2+ 33. Ke3 Bd8
34. Nd6 Bb6+ 35. Kf4 Ba8 36. Kg5 Bd8+ 37. Kxh5 f6 38. Ne4 fxe5 39. Nxe5+ Ke6
40. Ng4 Kf5 41. Nef2 d4 42. Rxd4 Bg5 43. Rd3 Bc6 44. Rd8 1-0

[Event "NB II. Szechenyi csoport"]
[Site "Keszthely"]
[Date "2024.03.03"]
[Round "5.10"]
[White "Vajda, Lajos"]
[Black "Kovacs, Barnabas"]
[Result "1/2-1/2"]
[WhiteElo "1837"]
[BlackElo "1756"]
[PlyCount "114"]
[EventDate "2023.10.08"]
[EventType "team-tourn"]
[EventRounds "9"]
[EventCountry "HUN"]
[Source "chess.hu"]
[WhiteTeam "Spartacus Sportkor"]
[BlackTeam "Sarvari Sakk Club SE"]
[WhiteTeamCountry "HUN"]
[BlackTeamCountry "HUN"]

1. c4 c5 2. Nc3 d6 3. g3 Nc6 4. Bg2 Bd7 5. e3 Nf6 6. Nge2 Rb8 7. O-O g6 8. d4
cxd4 9. exd4 Bg7 10. d5 Ne5 11. b3 O-O 12. h3 Bc8 13. Be3 a6 14. Rc1 h6 15. Qd2
Bxh3 16. Bxh6 Bxg2 17. Kxg2 Bxh6 18. Qxh6 Neg4 19. Qf4 Kg7 20. Ne4 Rh8 21. Rh1
Qd7 22. f3 Ne5 23. Nxf6 exf6 24. Qd4 Qf5 25. Qe4 Qd7 26. Nd4 Rbe8 27. Qc2 Rc8
28. a4 Rxh1 29. Rxh1 b5 30. Qd2 Rh8 31. Rxh8 Kxh8 32. axb5 axb5 33. Nxb5 Qf5
34. Qe2 Qd7 35. f4 Ng4 36. Nxd6 Qxd6 37. Qxg4 Qb4 38. Qf3 Qd2+ 39. Qf2 Qd3 40.
Qb2 Kg7 41. Qa2 g5 42. fxg5 fxg5 43. b4 g4 44. c5 Qe4+ 45. Kh2 Qxb4 46. Qf2 Qe4
47. d6 Qh7+ 48. Kg2 Qe4+ 49. Kf1 Qd3+ 50. Ke1 Qb1+ 51. Kd2 Qb2+ 52. Ke3 Qc3+
53. Ke2 Qc2+ 54. Kf1 Qb1+ 55. Kg2 Qe4+ 56. Kg1 Qb1+ 57. Kg2 Qe4+ 1/2-1/2

[Event "NB II. Szechenyi csoport"]
[Site "Keszthely"]
[Date "2024.03.03"]
[Round "5.11"]
[White "Andras, Ferenc"]
[Black "Mayer, Gabor"]
[Result "0-1"]
[WhiteElo "1593"]
[BlackElo "1778"]
[PlyCount "120"]
[EventDate "2023.10.08"]
[EventType "team-tourn"]
[EventRounds "9"]
[EventCountry "HUN"]
[Source "chess.hu"]
[WhiteTeam "Sarvari Sakk Club SE"]
[BlackTeam "Spartacus Sportkor"]
[WhiteTeamCountry "HUN"]
[BlackTeamCountry "HUN"]

1. e4 c5 2. Nf3 Nc6 3. d4 cxd4 4. Nxd4 g6 5. Nc3 Bg7 6. Be3 a6 7. Qd2 d6 8.
O-O-O Nf6 9. f3 O-O 10. g4 Ne5 11. h4 b5 12. h5 Qe8 13. hxg6 fxg6 14. Bh6 Rf7
15. Kb1 Bd7 16. Be2 b4 17. Nd5 Nxd5 18. exd5 Bxh6 19. Rxh6 a5 20. Qg5 Rg7 21.
Rdh1 Nf7 22. Qe3 Nxh6 23. Qxh6 e5 24. dxe6 Bxe6 25. Bb5 Qf7 26. b3 Kh8 27. Qe3
Bd7 28. Bd3 a4 29. Bc4 d5 30. Bd3 Re8 31. Qd2 Qe7 32. Rf1 a3 33. Kc1 Qc5 34.
Ne2 Rge7 35. Qf4 Qe3+ 36. Qxe3 Rxe3 37. Kd2 R3e7 38. Rf2 Rf8 39. g5 Bf5 40. Bb5
Rc7 41. Nd4 Rfc8 42. Kd1 Re7 43. Kd2 Rc5 44. Ba6 Rc3 45. Nxf5 gxf5 46. f4 Rh3
47. Bd3 Rf7 48. Bb5 Kg7 49. Bc6 Re7 50. Bb5 Re4 51. Bd3 Rd4 52. Ke2 Kg6 53. Kd2
Kh5 54. Ke2 Kg4 55. Kd2 Rxf4 56. Rg2+ Kf3 57. Re2 d4 58. Re1 Rh2+ 59. Be2+ Ke4
60. Kd1 Rff2 0-1

[Event "NB II. Szechenyi csoport"]
[Site "Zalaegerszeg"]
[Date "2024.03.03"]
[Round "5.1"]
[White "Nemeth, Denes"]
[Black "Balogh, Marton"]
[Result "1-0"]
[WhiteElo "2181"]
[BlackElo "1967"]
[PlyCount "45"]
[EventDate "2023.10.08"]
[EventType "team-tourn"]
[EventRounds "9"]
[EventCountry "HUN"]
[Source "chess.hu"]
[WhiteTeam "Haladas VSE III."]
[BlackTeam "Z. Baki Agrocentrum"]
[WhiteTeamCountry "HUN"]
[BlackTeamCountry "HUN"]

1. d4 d5 2. Nf3 Nf6 3. g3 Bg4 4. Bg2 c6 5. O-O Nbd7 6. c4 e6 7. Qb3 Qb6 8. c5
Qxb3 9. axb3 e5 10. dxe5 Bxf3 11. exf3 Ng8 12. b4 Ne7 13. Re1 b6 14. e6 fxe6
15. cxb6 Nxb6 16. Rxe6 Kf7 17. Bh3 a6 18. Bg5 Nbc8 19. b5 cxb5 20. Rexa6 Rxa6
21. Rxa6 h6 22. Be6+ Ke8 23. Bxe7 1-0

[Event "NB II. Szechenyi csoport"]
[Site "Zalaegerszeg"]
[Date "2024.03.03"]
[Round "5.2"]
[White "Kirchner, Peter"]
[Black "Joo, Gabor"]
[Result "0-1"]
[WhiteElo "1992"]
[BlackElo "1985"]
[PlyCount "128"]
[EventDate "2023.10.08"]
[EventType "team-tourn"]
[EventRounds "9"]
[EventCountry "HUN"]
[Source "chess.hu"]
[WhiteTeam "Z. Baki Agrocentrum"]
[BlackTeam "Haladas VSE III."]
[WhiteTeamCountry "HUN"]
[BlackTeamCountry "HUN"]

1. Nc3 g6 2. e4 Bg7 3. d4 d6 4. f4 e6 5. Nf3 Ne7 6. Be3 O-O 7. Qd2 Nd7 8. g4 b6
9. Bg2 Bb7 10. g5 d5 11. e5 Nf5 12. Bf2 c5 13. Ne2 cxd4 14. Nfxd4 Nc5 15. Nc3
Ne4 16. Nxe4 dxe4 17. O-O Qd7 18. Rfe1 Rfd8 19. c3 h6 20. h4 e3 21. Rxe3 Nxe3
22. Bxe3 h5 23. a3 Rac8 24. Bxb7 Qxb7 25. Qg2 Qxg2+ 26. Kxg2 Bf8 27. Kf3 a6 28.
Ke4 Bc5 29. b4 Be7 30. Kd3 Rc7 31. Kc2 Rdc8 32. Ne2 b5 33. Bd4 Rc6 34. Nc1 a5
35. Kb3 Ra8 36. Rb1 axb4 37. axb4 Rca6 38. Rb2 Ra3+ 39. Kc2 Rc8 40. Nd3 Ra1 41.
Rb1 Rxb1 42. Kxb1 Kf8 43. Bc5 Bxc5 44. Nxc5 Ke7 45. Kc2 Ra8 46. Kb2 Ra7 47. Ne4
Kd7 48. Nd6 Kc6 49. Kb3 Ra1 50. c4 bxc4+ 51. Kxc4 Rf1 52. b5+ Kb6 53. Nc8+ Kc7
54. Nd6 Rxf4+ 55. Kc5 Rf1 56. b6+ Kd7 57. Kb5 Rb1+ 58. Kc5 Rc1+ 59. Kb5 Rh1 60.
Kc5 Rxh4 61. Nb5 Re4 62. b7 Rxe5+ 63. Kb6 Rxb5+ 64. Kxb5 Kc7 0-1

[Event "NB II. Szechenyi csoport"]
[Site "Zalaegerszeg"]
[Date "2024.03.03"]
[Round "5.3"]
[White "Horvath, Reka"]
[Black "Preisz, Balazs"]
[Result "1-0"]
[WhiteElo "2009"]
[BlackElo "1961"]
[PlyCount "63"]
[EventDate "2023.10.08"]
[EventType "team-tourn"]
[EventRounds "9"]
[EventCountry "HUN"]
[Source "chess.hu"]
[WhiteTeam "Haladas VSE III."]
[BlackTeam "Z. Baki Agrocentrum"]
[WhiteTeamCountry "HUN"]
[BlackTeamCountry "HUN"]

1. Nf3 Nf6 2. g3 g6 3. Bg2 Bg7 4. O-O O-O 5. d4 d6 6. c4 Nbd7 7. Nc3 c5 8. e4
cxd4 9. Nxd4 Ne5 10. b3 Bg4 11. Qc2 Qc8 12. Bg5 Qc5 13. Qd2 Rfe8 14. h3 Bd7 15.
Be3 Qc8 16. Kh2 Nc6 17. Nde2 Rb8 18. Rac1 Qd8 19. Nd5 b6 20. Bg5 Nxd5 21. exd5
Na5 22. Rfe1 Nb7 23. b4 a5 24. a3 axb4 25. axb4 Rc8 26. Nd4 Bxd4 27. Qxd4 f6
28. Be3 Bf5 29. Qxb6 Qxb6 30. Bxb6 Bd3 31. c5 Rb8 32. c6 1-0

[Event "NB II. Szechenyi csoport"]
[Site "Zalaegerszeg"]
[Date "2024.03.03"]
[Round "5.4"]
[White "Korcz, Sandor"]
[Black "Barasits, Balint"]
[Result "0-1"]
[WhiteElo "1912"]
[BlackElo "1940"]
[PlyCount "50"]
[EventDate "2023.10.08"]
[EventType "team-tourn"]
[EventRounds "9"]
[EventCountry "HUN"]
[Source "chess.hu"]
[WhiteTeam "Z. Baki Agrocentrum"]
[BlackTeam "Haladas VSE III."]
[WhiteTeamCountry "HUN"]
[BlackTeamCountry "HUN"]

1. d4 d5 2. Nf3 c6 3. e3 Nf6 4. Bd3 Bg4 5. b3 e6 6. O-O Be7 7. c4 Nbd7 8. Bb2
Ne4 9. Nbd2 Nxd2 10. Qxd2 Bxf3 11. gxf3 Bd6 12. e4 Qh4 13. e5 Be7 14. f4 g5 15.
Kh1 gxf4 16. f3 f6 17. cxd5 cxd5 18. Bb5 a6 19. Qa5 Rc8 20. Rac1 Rxc1 21. Bxd7+
Kxd7 22. Bxc1 Rc8 23. Qd2 fxe5 24. dxe5 Qh3 25. Qd1 Rc2 0-1

[Event "NB II. Szechenyi csoport"]
[Site "Zalaegerszeg"]
[Date "2024.03.03"]
[Round "5.5"]
[White "Toth, Tibor"]
[Black "Nagy, Benedek"]
[Result "1/2-1/2"]
[WhiteElo "1969"]
[BlackElo "1856"]
[PlyCount "34"]
[EventDate "2023.10.08"]
[EventType "team-tourn"]
[EventRounds "9"]
[EventCountry "HUN"]
[Source "chess.hu"]
[WhiteTeam "Haladas VSE III."]
[BlackTeam "Z. Baki Agrocentrum"]
[WhiteTeamCountry "HUN"]
[BlackTeamCountry "HUN"]

1. a3 e5 2. d4 exd4 3. Nf3 Nf6 4. Nxd4 d5 5. Bf4 Bd6 6. Bxd6 Qxd6 7. Nc3 a6 8.
e3 O-O 9. Be2 c5 10. Nb3 b5 11. Bf3 Rd8 12. O-O Nc6 13. e4 Be6 14. exd5 Nxd5
15. Nxd5 Bxd5 16. Bxd5 Qxd5 17. Qxd5 Rxd5 1/2-1/2

[Event "NB II. Szechenyi csoport"]
[Site "Zalaegerszeg"]
[Date "2024.03.03"]
[Round "5.6"]
[White "Cseke, Mihaly"]
[Black "Vilics, Hanna"]
[Result "1-0"]
[WhiteElo "1875"]
[BlackElo "1859"]
[PlyCount "39"]
[EventDate "2023.10.08"]
[EventType "team-tourn"]
[EventRounds "9"]
[EventCountry "HUN"]
[Source "chess.hu"]
[WhiteTeam "Z. Baki Agrocentrum"]
[BlackTeam "Haladas VSE III."]
[WhiteTeamCountry "HUN"]
[BlackTeamCountry "HUN"]

1. e4 d5 2. exd5 Qxd5 3. Nc3 Qa5 4. d4 Nf6 5. Nf3 c6 6. Bc4 Bf5 7. O-O e6 8.
Re1 Nd5 9. Bxd5 cxd5 10. Nh4 Bg6 11. Nxg6 hxg6 12. Qf3 Be7 13. Bf4 Nd7 14. Qd3
a6 15. Qg3 O-O-O 16. a3 Nf6 17. b4 Qb6 18. Na4 Qc6 19. Qc3 Qxc3 20. Nb6# 1-0

[Event "NB II. Szechenyi csoport"]
[Site "Zalaegerszeg"]
[Date "2024.03.03"]
[Round "5.7"]
[White "Hajdu, Istvan"]
[Black "Kokai, Miklos"]
[Result "1-0"]
[WhiteElo "1843"]
[BlackElo "1909"]
[PlyCount "31"]
[EventDate "2023.10.08"]
[EventType "team-tourn"]
[EventRounds "9"]
[EventCountry "HUN"]
[Source "chess.hu"]
[WhiteTeam "Haladas VSE III."]
[BlackTeam "Z. Baki Agrocentrum"]
[WhiteTeamCountry "HUN"]
[BlackTeamCountry "HUN"]

1. e4 d5 2. exd5 Nf6 3. d4 Nxd5 4. Nf3 e6 5. Be2 Be7 6. O-O O-O 7. c4 Nb6 8.
Be3 N8d7 9. Nc3 Nf6 10. Qc2 h6 11. Ne5 c6 12. f4 Qc7 13. g4 a6 14. g5 Nfd7 15.
gxh6 g6 16. Nxg6 1-0

[Event "NB II. Szechenyi csoport"]
[Site "Zalaegerszeg"]
[Date "2024.03.03"]
[Round "5.8"]
[White "Csiszar, Albert"]
[Black "Petroczy, Zoltan"]
[Result "0-1"]
[WhiteElo "1826"]
[BlackElo "1816"]
[PlyCount "90"]
[EventDate "2023.10.08"]
[EventType "team-tourn"]
[EventRounds "9"]
[EventCountry "HUN"]
[Source "chess.hu"]
[WhiteTeam "Z. Baki Agrocentrum"]
[BlackTeam "Haladas VSE III."]
[WhiteTeamCountry "HUN"]
[BlackTeamCountry "HUN"]

1. d4 Nf6 2. Bg5 e6 3. e3 b6 4. f4 Bb7 5. Nf3 Be7 6. Bd3 c5 7. c3 h6 8. Bxf6
Bxf6 9. O-O Nc6 10. Nbd2 d6 11. Ne4 d5 12. Nxf6+ Qxf6 13. Ne5 c4 14. Bc2 Rc8
15. Ba4 O-O 16. Nd7 Qe7 17. Nxf8 Rxf8 18. Qh5 Qf6 19. Bc2 Qe7 20. Rf3 f5 21.
Rg3 Rf6 22. Rf1 Bc8 23. Qh4 b5 24. Rh3 Bd7 25. a3 a5 26. Qe1 Be8 27. Kh1 b4 28.
axb4 axb4 29. b3 cxb3 30. Bxb3 Na5 31. Qd1 bxc3 32. Qc2 Qb4 33. Rb1 Nxb3 34.
Rxb3 Qc4 35. Rf3 Ba4 36. Rb8+ Kh7 37. Qc1 c2 38. Ra8 Rf7 39. Rxa4 Qxa4 40. Rf2
Rc7 41. Kg1 Qb3 42. Re2 Qd3 43. Kf2 Rc3 44. g3 Qd1 45. Re1 Rd3 0-1

[Event "NB II. Szechenyi csoport"]
[Site "Zalaegerszeg"]
[Date "2024.03.03"]
[Round "5.9"]
[White "Pergel, Bence"]
[Black "Deak, Laszlo"]
[Result "0-1"]
[WhiteElo "1752"]
[BlackElo "1810"]
[PlyCount "86"]
[EventDate "2023.10.08"]
[EventType "team-tourn"]
[EventRounds "9"]
[EventCountry "HUN"]
[Source "chess.hu"]
[WhiteTeam "Haladas VSE III."]
[BlackTeam "Z. Baki Agrocentrum"]
[WhiteTeamCountry "HUN"]
[BlackTeamCountry "HUN"]

1. Nf3 d6 2. d4 Bg4 3. e4 Nf6 4. Nc3 c6 5. h3 Bh5 6. e5 dxe5 7. dxe5 Qxd1+ 8.
Kxd1 Nd5 9. Nxd5 cxd5 10. g4 Bg6 11. Nh4 Nc6 12. Nxg6 hxg6 13. f4 g5 14. f5
Nxe5 15. Bxg5 f6 16. Bf4 Nxg4 17. Bb5+ Kf7 18. Ke2 Ne5 19. Rad1 Rd8 20. Ke3 e6
21. Bxe5 fxe5 22. c4 Bc5+ 23. Kf3 exf5 24. Rxd5 Rxd5 25. cxd5 g5 26. Bd7 Kf6
27. Kg3 e4 28. Rf1 f4+ 29. Kg2 Ke5 30. Rd1 Bd6 31. Be6 Rh7 32. Rc1 Rc7 33. Rc3
Kd4 34. Rb3 Rc2+ 35. Kf1 Rc1+ 36. Kf2 Rc2+ 37. Kf1 f3 38. Bg4 Kxd5 39. Rxb7
Rc1+ 40. Kf2 Bc5+ 41. Kg3 Rg1+ 42. Kh2 f2 43. Be2 Bd6# 0-1

[Event "NB II. Szechenyi csoport"]
[Site "Zalaegerszeg"]
[Date "2024.03.03"]
[Round "5.10"]
[White "Bedi, Bence"]
[Black "Barasits, Tibor"]
[Result "1/2-1/2"]
[WhiteElo "1668"]
[BlackElo "1761"]
[PlyCount "42"]
[EventDate "2023.10.08"]
[EventType "team-tourn"]
[EventRounds "9"]
[EventCountry "HUN"]
[Source "chess.hu"]
[WhiteTeam "Z. Baki Agrocentrum"]
[BlackTeam "Haladas VSE III."]
[WhiteTeamCountry "HUN"]
[BlackTeamCountry "HUN"]

1. d4 d5 2. c4 c6 3. Nc3 Bf5 4. e3 Nf6 5. Nf3 Nbd7 6. Bd2 Qc7 7. cxd5 Nxd5 8.
Nxd5 cxd5 9. Rc1 Qb6 10. Bc3 e6 11. Be2 Bd6 12. O-O O-O 13. Nh4 Bg6 14. Nxg6
fxg6 15. Bg4 Rfe8 16. Be2 Nf6 17. f3 Qc7 18. Be1 Bxh2+ 19. Kh1 Qd6 20. f4 Bxf4
21. Rxf4 Ne4 1/2-1/2

[Event "NB II. Szechenyi csoport"]
[Site "Zalaegerszeg"]
[Date "2024.03.03"]
[Round "5.11"]
[White "Balogh, Gerda"]
[Black "Mazsa, Csaba Adam"]
[Result "0-1"]
[WhiteElo "1793"]
[BlackElo "1583"]
[PlyCount "72"]
[EventDate "2023.10.08"]
[EventType "team-tourn"]
[EventRounds "9"]
[EventCountry "HUN"]
[Source "chess.hu"]
[WhiteTeam "Haladas VSE III."]
[BlackTeam "Z. Baki Agrocentrum"]
[WhiteTeamCountry "HUN"]
[BlackTeamCountry "HUN"]

1. e4 c5 2. Nf3 Nc6 3. d4 cxd4 4. Nxd4 Nf6 5. Nc3 e5 6. Ndb5 d6 7. Bg5 a6 8.
Na3 b5 9. Bxf6 gxf6 10. Nd5 Bg7 11. g3 f5 12. Bg2 O-O 13. O-O fxe4 14. Bxe4 f5
15. Bg2 Bb7 16. c3 Ra7 17. Nc2 Ne7 18. Nxe7+ Qxe7 19. Bxb7 Rxb7 20. Qd5+ Rf7
21. Ne3 Qf6 22. Rad1 Bf8 23. f4 Rbe7 24. Qc6 Ra7 25. Nd5 Qd8 26. a4 Qb8 27.
fxe5 dxe5 28. Nf6+ Kh8 29. Rxf5 bxa4 30. Nd7 Raxd7 31. Rxd7 Rxf5 32. Qe4 Qb6+
33. Kh1 Qf2 34. Qg2 Qe1+ 35. Qg1 Qe4+ 36. Qg2 Rf1# 0-1